LIBRARY ONLINE CATALOGUE

The Effect of Organizational Restructuring on Job Satisfaction of Flower Firms in Kenya. (Record no. 18696)

MARC details
000 -LEADER
fixed length control field 00469nam a22001217a 4500
008 - FIXED-LENGTH DATA ELEMENTS--GENERAL INFORMATION
fixed length control field 210115b xxu||||| |||| 00| 0 eng d
050 ## - LIBRARY OF CONGRESS CALL NUMBER
Classification number GMB0144
Item number .K64 2018 c.1
100 ## - MAIN ENTRY--PERSONAL NAME
Personal name Koech, Brenda Chelimo
245 ## - TITLE STATEMENT
Title The Effect of Organizational Restructuring on Job Satisfaction of Flower Firms in Kenya.
Remainder of title A Case Study of Oserian Development Company in Naivasha
260 ## - PUBLICATION, DISTRIBUTION, ETC. (IMPRINT)
Place of publication, distribution, etc. Kabarak, Nakuru, Kenya
Name of publisher, distributor, etc. Kabarak University
Date of publication, distribution, etc. 2018
300 ## - PHYSICAL DESCRIPTION
Extent xi, 76 leaves
942 ## - ADDED ENTRY ELEMENTS (KOHA)
Source of classification or shelving scheme Library of Congress Classification
Koha item type Thesis, Dissertation and Projecs
Holdings
Withdrawn status Lost status Source of classification or shelving scheme Not for loan Home library Current library Date acquired Total Checkouts Full call number Barcode Date last seen Price effective from Koha item type
    Library of Congress Classification   Kabarak, Main Campus Kabarak, Main Campus 15/01/2021   GMB0144 .K64 2018 c.1 029543 15/01/2021 15/01/2021 Thesis, Dissertation and Projecs